000 00719nam a2200265Ia 4500
001 Para_1829
003 CHAP
008 220125s1992 xx 000 0 und d
010 _a200476
040 _cCHAP
082 _aPA 584.9 G6y
100 _aGould, Frank W.
_950114
245 _aGramineas :
_b clasificación sistematica /
_c por Frank W. Gould y Robert B. Shaw
260 _aMéxico, DF. :
_b A.G.T.
300 _a381 p.
650 _aGramineas
_x clasificación
_950264
700 _aShaw, Robert B.
_9165353
901 _aPA 584.9 G6Y
902 _aA
905 _a0000001992 a 0000000000 00
910 _a1992
942 _cPARA
942 _cPARA
_d1
999 _c200476
_d200476